My life in art / (Record no. 65468)
[ view plain ]
| 000 -LEADER | |
|---|---|
| fixed length control field | 00792nam a2200253 a 4500 |
| 001 - CONTROL NUMBER | |
| control field | 65468 |
| 003 - CONTROL NUMBER IDENTIFIER | |
| rucl marc code | BD-RjUL |
| 005 - DATE AND TIME OF LATEST TRANSACTION | |
| control field | 20211209081429.0 |
| 008 - FIXED-LENGTH DATA ELEMENTS--GENERAL INFORMATION | |
| fixed length control field | 170306s1948 nyua 001 0aeng |
| 035 ## - SYSTEM CONTROL NUMBER | |
| System control number | (BD-RjUL)65598 |
| 040 ## - CATALOGING SOURCE | |
| Original cataloging agency | DLC |
| Transcribing agency | DLC |
| Modifying agency | BD-RjUL |
| Language of cataloging | eng |
| 041 1# - LANGUAGE CODE | |
| Language code of text/sound track or separate title | engrus |
| 082 ## - DEWEY DECIMAL CLASSIFICATION NUMBER | |
| Edition number | 23 |
| Classification number | 792.023092 |
| Author mark and year | STM 1948 |
| 100 1# - MAIN ENTRY--PERSONAL NAME | |
| Personal name | Stanislavsky, Konstantin, |
| Dates associated with a name | 1863-1938. |
| 9 (RLIN) | 185717 |
| 245 10 - TITLE STATEMENT | |
| Title | My life in art / |
| Statement of responsibility, etc. | by Constantin Stanislavski |
| 250 ## - EDITION STATEMENT | |
| Edition statement | 5th ed. |
| 260 ## - PUBLICATION, DISTRIBUTION, ETC. (IMPRINT) | |
| Place of publication, distribution, etc. | New York : |
| Name of publisher, distributor, etc. | Geoffrey Bles, |
| Date of publication, distribution, etc. | 1948 |
| 300 ## - PHYSICAL DESCRIPTION | |
| Pagination | ix, 586 p. : |
| Illustrations | ill. ; |
| Size | 21 cm. |
| 500 ## - GENERAL NOTE | |
| General note | Includes index. |
| 600 10 - SUBJECT ADDED ENTRY--PERSONAL NAME | |
| Personal name | Stanislavsky, Konstantin, |
| Dates associated with a name | 1863-1938. |
| 650 #0 - SUBJECT ADDED ENTRY--TOPICAL TERM | |
| Topical term or geographic name as entry element | Actors |
| Geographic subdivision | Soviet Union |
| General subdivision | Biography. |
| 9 (RLIN) | 193753 |
| Topical term or geographic name as entry element | Acting teachers |
| Geographic subdivision | Soviet Union |
| General subdivision | Biography. |
| 9 (RLIN) | 193754 |
| 942 ## - ADDED ENTRY ELEMENTS (KOHA) | |
| Source of classification or shelving scheme | Dewey Decimal Classification |
| Koha item type | Books |
| Lost status | Source of classification or shelving scheme | Damaged status | Not for loan | Collection code | Permanent Location | Current Location | Shelving location | Date acquired | Source of acquisition | Total Checkouts | Full call number | Date last seen | Copy number | Koha item type |
|---|---|---|---|---|---|---|---|---|---|---|---|---|---|---|
| Dewey Decimal Classification | Not For Loan | Non-fiction | Central Library, University of Rajshahi | Central Library, University of Rajshahi | Reading Room | 24/07/1990 | Sawkat Osman, Dhaka | 792.023092 STM 1948 | 06/03/2017 | C-1 | Books |